Statistiques concernant Pays par images satellites n°3

Cliquez ici pour prendre le quiz!

Statistiques générales

  • Ce quiz a été pris 7 132 fois
  • Le résultat moyen est 10 sur 16

Statistiques - réponses

Réponse% Correct
Etats-Unis
99%
Turquie
90%
Irlande
89%
Nouvelle-Zélande
87%
Somalie
86%
Philippines
82%
Monaco
76%
Qatar
63%
Haïti
61%
Croatie
55%
Kazakhstan
50%
Jamaïque
49%
Colombie
35%
Pakistan
33%
Uruguay
20%
Djibouti
19%

Distribution des résultats

Percentile par nombre de réponses

% des personnes avec chaque résultat

Votre développement - résultats

Vous n’avez pas pris ce quiz